000 00770nam a2200289Ia 4500
001 1323
003 IT-RoPAU
008 130308s9999 xx 000 0 und d
040 _aIT-RoPAU
040 _cIT-RoPAU
041 _aITALIANO
100 _aPasi Mario
100 _gCodice Aut. SPICS: 11526
245 _aTre balletti dello spettacolo (I)-Gaitè parisienne
245 _bBallet Du Xx Siecle di Maurice Bejart
250 _a1a ed.
260 _aROMA
260 _bTeatro Dell'Opera
260 _c1980 [1° Ed.:1980 - Ed.Ling.Originale:1980]
300 _a"2 p. (prefazione: no ; testo: 2 [pagine: 301-302])"
650 _aDANZA E BALLETTO
650 _eCodice materia Spics: 8200
942 _cBK
957 _71
999 _c61084
_d61084
999 _bSI
999 _g1